Pedagogy of computer : (Record no. 88616)

MARC details
000 -LEADER
fixed length control field 00622nam a22001937a 4500
005 - DATE AND TIME OF LATEST TRANSACTION
control field 20140916112757.0
010 ## - LCCN (DPL NO)
LC control number ENG-110850
020 ## - INTERNATIONAL STANDARD BOOK NUMBER
International Standard Book Number 9788175417489
Terms of availability 250.00
035 ## - SYSTEM CONTROL NUMBER
System control number EN-94382
037 ## - SOURCE OF ACQUISITION
Source of stock number/acquisition DBAD/PUB
082 ## - DEWEY DECIMAL CLASSIFICATION NUMBER
Classification number 004
100 ## - MAIN ENTRY--PERSONAL NAME
Personal name Noushad Husain
245 ## - TITLE STATEMENT
Title Pedagogy of computer :
Statement of responsibility, etc by Noushad Husain
Remainder of title making effective learning designs /
260 ## - PUBLICATION, DISTRIBUTION, ETC. (IMPRINT)
Place of publication, distribution, etc New Delhi
Name of publisher, distributor, etc Shipra Publications
Date of publication, distribution, etc 2014
270 ## - ADDRESS
Address LG-18-19, Pankaj Central Market, Patparganj
City New Delhi
Postal code 110092
300 ## - PHYSICAL DESCRIPTION
Extent xiv,258p.
Dimensions 22cm(pbk)
500 ## - GENERAL NOTE
General note Includes bibliographical references
942 ## - ADDED ENTRY ELEMENTS (KOHA)
Source of classification or shelving scheme Dewey Decimal Classification
Item type English Books
Call number suffix NOU
Classification part 004
Holdings
Withdrawn status Lost status Not for loan Collection code Home library Current library Date acquired Source of acquisition Cost, normal purchase price Full call number Barcode Copy number Cost, replacement price Koha item type
    Not For Loan Non-fiction D.B.Act.Division D.B.Act.Division 15/09/2014 DBAD/PUB 250.00 004 NOU EN-94382 1 250.00 English Books

© Delhi Public Library
Hit Counter
free hit counter